[Event "Clichy 14th"]
[Site "Clichy"]
[Date "2002.03.09"]
[EventDate "2002.??.??"]
[Round "8"]
[Result "1/2-1/2"]
[White "Maxime Vachier-Lagrave"]
[Black "Ovidiu-Doru Foisor"]
[WhiteElo "2637"]
[BlackElo "2495"]
[PlyCount "49"]

1. e4 c6 2. d4 g6 3. g3 d5 4. Nc3 dxe4 5. Nxe4 Bg7 6. Be3 Bf5
7. Bg2 Bxe4 8. Bxe4 Nf6 9. Bg2 Nd5 10. Ne2 Nxe3 11. fxe3 Qb6
12. O-O Nd7 13. Qd3 O-O 14. Qb3 Bh6 15. e4 e5 16. c3 Rad8
17. Kh1 c5 18. d5 Qa6 19. Qc2 Nb6 20. b3 Nc8 21. Nc1 c4
22. bxc4 Bxc1 23. Rfxc1 Qxc4 24. Qb3 Nd6 25. Qb4 1/2-1/2

[Event "FRA-ch U16"]
[Site "Hyeres"]
[Date "2002.04.05"]
[EventDate "2002.??.??"]
[Round "3"]
[Result "1-0"]
[White "Maxime Vachier-Lagrave"]
[Black "Samy Robin"]
[WhiteElo "2637"]
[BlackElo "2231"]
[PlyCount "59"]

1. e4 e5 2. Nf3 Nc6 3. Bb5 a6 4. Ba4 Nf6 5. d4 Nxd4 6. Nxe5
Bc5 7. Nd3 Ba7 8. c3 Ne6 9. e5 Ne4 10. Qg4 N4c5 11. Nxc5 Bxc5
12. O-O O-O 13. b4 Ba7 14. Nd2 Qg5 15. Qxg5 Nxg5 16. h4 Ne6
17. Ne4 b5 18. Bc2 Bb7 19. Re1 f5 20. exf6 d5 21. Ng5 Nxg5
22. Bxg5 h6 23. Re7 hxg5 24. Rxg7+ Kh8 25. hxg5 Bc6 26. Rxc7
Be8 27. Rh7+ Kg8 28. Rg7+ Kh8 29. Re1 Bf7 30. Re7 1-0

[Event "FRA-ch U16"]
[Site "Hyeres"]
[Date "2002.04.05"]
[EventDate "2002.??.??"]
[Round "4"]
[Result "1/2-1/2"]
[White "Gabriel Battaglini"]
[Black "Maxime Vachier-Lagrave"]
[WhiteElo "2329"]
[BlackElo "2637"]
[PlyCount "40"]

1. c4 e5 2. Nc3 Nf6 3. Nf3 d6 4. g3 g6 5. Bg2 Bg7 6. d4 Nbd7
7. O-O O-O 8. b3 Re8 9. e3 exd4 10. Nxd4 Nc5 11. Bb2 c6
12. Qc2 a5 13. h3 Qc7 14. Rfd1 Bd7 15. Rd2 Rad8 16. Rad1 Bc8
17. Ba3 Bf8 18. Bb2 Bg7 19. Ba3 Bf8 20. Bb2 Bg7 1/2-1/2

[Event "FRA-ch U16"]
[Site "Hyeres"]
[Date "2002.04.05"]
[EventDate "2002.??.??"]
[Round "5"]
[Result "1/2-1/2"]
[White "Maxime Vachier-Lagrave"]
[Black "Asher Glicenstein"]
[WhiteElo "2637"]
[BlackElo "2306"]
[PlyCount "70"]

1. e4 c5 2. Nf3 Nc6 3. Bb5 e6 4. O-O Nge7 5. b3 a6 6. Bxc6
Nxc6 7. Bb2 b5 8. d4 cxd4 9. Nxd4 Qf6 10. Qd2 Bc5 11. c3 Bb7
12. a4 bxa4 13. Rxa4 O-O 14. Nf3 Rad8 15. b4 Bb6 16. c4 Qg6
17. Qg5 Qxg5 18. Nxg5 d5 19. exd5 exd5 20. b5 axb5 21. cxb5
Na7 22. Na3 d4 23. Nc4 Bc5 24. Ba3 Bxa3 25. Rxa7 Be7 26. Nxf7
Rxf7 27. Rxb7 Bc5 28. Rxf7 Kxf7 29. Ne5+ Ke6 30. Nd3 Kd5
31. Rc1 Bd6 32. Kf1 Rb8 33. Ke2 Rxb5 34. Rc8 Rb7 35. h3 Rc7
1/2-1/2

[Event "FRA-ch U16"]
[Site "Hyeres"]
[Date "2002.04.05"]
[EventDate "2002.??.??"]
[Round "8"]
[Result "0-1"]
[White "Sebastien Cossin"]
[Black "Maxime Vachier-Lagrave"]
[WhiteElo "2438"]
[BlackElo "2637"]
[PlyCount "77"]

1. c4 e6 2. Nf3 d5 3. e3 Nf6 4. b3 Bd6 5. Bb2 O-O 6. Be2 Re8
7. d3 c6 8. Nbd2 e5 9. e4 dxe4 10. dxe4 Nbd7 11. O-O Qc7
12. Qc2 a5 13. a3 b6 14. Rfe1 Nc5 15. Bf1 Ne6 16. g3 c5
17. Bh3 Nd4 18. Nxd4 cxd4 19. Bxc8 Rexc8 20. f3 b5 21. Rec1
Nd7 22. Qd1 b4 23. Nf1 Nc5 24. axb4 axb4 25. g4 Be7 26. Ng3
Bg5 27. Rcb1 g6 28. Kg2 Qb7 29. Bc1 Rxa1 30. Bxg5 Rxb1
31. Qxb1 Qa6 32. Ne2 Ra8 33. Nc1 Qa1 34. Qc2 Qc3 35. Qf2 Ra1
36. Qg3 d3 37. Qf2 Qc2 38. Nxd3 Nxd3 39. Qxc2 0-1

[Event "FRA-ch U16"]
[Site "Hyeres"]
[Date "2002.04.05"]
[EventDate "2002.??.??"]
[Round "9"]
[Result "1/2-1/2"]
[White "Maxime Vachier-Lagrave"]
[Black "Jean Netzer"]
[WhiteElo "2637"]
[BlackElo "2404"]
[PlyCount "65"]

1. e4 e6 2. d4 c5 3. Nf3 cxd4 4. Nxd4 Nc6 5. Nc3 Qc7 6. Be2 a6
7. O-O Nf6 8. Be3 Bb4 9. f3 Ne5 10. Qd2 O-O 11. a3 Be7
12. Rad1 b5 13. f4 Nc4 14. Bxc4 Qxc4 15. Qe2 Qxe2 16. Ndxe2 d6
17. Bd4 Nd7 18. Rf3 Bb7 19. f5 e5 20. Be3 Rac8 21. Rf2 h6
22. Ng3 Nf6 23. Re2 Rc4 24. Bb6 Rfc8 25. Ba5 h5 26. Rde1 h4
27. Nf1 d5 28. Nd2 d4 29. Nxc4 bxc4 30. Nd5 Nxd5 31. exd5 f6
32. Bb4 Bd8 33. Re4 1/2-1/2

[Event "FRA-ch U16 playoff"]
[Site "Hyeres"]
[Date "2002.04.14"]
[EventDate "2002.??.??"]
[Round "10"]
[Result "0-1"]
[White "Jean Netzer"]
[Black "Maxime Vachier-Lagrave"]
[WhiteElo "2404"]
[BlackElo "2637"]
[PlyCount "86"]

1. e4 c5 2. Nf3 Nc6 3. d4 cxd4 4. Nxd4 Nf6 5. Nc3 e5 6. Ndb5
d6 7. Bg5 a6 8. Na3 b5 9. Nd5 Be7 10. Bxf6 Bxf6 11. c3 O-O
12. Nc2 Bg5 13. h4 Bh6 14. Nce3 Be6 15. a4 Bxe3 16. Nxe3 b4
17. Bc4 bxc3 18. bxc3 Na5 19. Bd5 Rc8 20. c4 Bxd5 21. cxd5 Nc4
22. Nf5 g6 23. Qg4 h5 24. Qg3 Kh7 25. Ne3 Qa5+ 26. Kf1 Nd2+
27. Kg1 Nxe4 28. Qf3 f5 29. g4 hxg4 30. Nxg4 Nd2 31. Qg3 fxg4
32. h5 Nf3+ 33. Kg2 Qxd5 34. hxg6+ Kg8 35. g7 Kxg7 36. Qxg4+
Ng5+ 37. Kg1 e4 38. Rd1 Qf5 39. Qg3 Qf4 40. Qg2 Rc1 41. Rxc1
Qxc1+ 42. Qf1 Nf3+ 43. Kg2 Qg5+ 0-1

[Event "FRA-ch U16 playoff"]
[Site "Hyeres"]
[Date "2002.04.14"]
[EventDate "2002.??.??"]
[Round "10"]
[Result "1-0"]
[White "Maxime Vachier-Lagrave"]
[Black "Xavier Beudaert"]
[WhiteElo "2637"]
[BlackElo "2362"]
[PlyCount "74"]

1. e4 e5 2. Nf3 Nc6 3. Bc4 Nf6 4. d4 exd4 5. O-O Nxe4 6. Re1
d5 7. Bxd5 Qxd5 8. Nc3 Qh5 9. Nxe4 Be7 10. Bg5 Bg4 11. Bxe7
Nxe7 12. Ng3 Bxf3 13. Nxh5 Bxd1 14. Raxd1 Kf8 15. Rxd4 g6
16. Rd7 Nc6 17. Nf4 Rc8 18. b4 a6 19. a4 b5 20. axb5 axb5
21. c4 bxc4 22. b5 Nb8 23. Rd4 Kg7 24. Rxc4 Rhe8 25. Rxe8 Rxe8
26. g3 Re5 27. Rxc7 Rxb5 28. Ne6+ Kf6 29. Nd8 Rd5 30. Rxf7+
Ke5 31. f4+ Ke4 32. Ne6 h6 33. Kg2 Nc6 34. Rf6 Ne7 35. Nf8 Nf5
36. Re6+ Kd3 37. Nxg6 Ne3+ 1-0

[Event "Creteil IM"]
[Site "Creteil"]
[Date "2002.04.20"]
[EventDate "2002.??.??"]
[Round "1"]
[Result "1/2-1/2"]
[White "Maxime Vachier-Lagrave"]
[Black "Valentin Lukov"]
[WhiteElo "2637"]
[BlackElo "2469"]
[PlyCount "88"]

1. e4 c5 2. Nf3 e6 3. d4 cxd4 4. Nxd4 Nc6 5. Nc3 Qc7 6. g3 a6
7. Bg2 d6 8. O-O Bd7 9. Re1 Be7 10. Nxc6 Bxc6 11. Qg4 h5
12. Qe2 h4 13. Be3 hxg3 14. hxg3 b5 15. a3 Nf6 16. Rad1 Rd8
17. Rd3 Qb7 18. Bg5 Rd7 19. Qd2 Qa8 20. Bf4 e5 21. Bg5 Ng8
22. Rd1 Qb8 23. Bf3 Rd8 24. Kg2 Kf8 25. b4 Qc7 26. Kg1 Rh7
27. Bg4 Bxg5 28. Qxg5 Nf6 29. Bf3 Ne8 30. Kg2 Qe7 31. Qe3 Rb8
32. Rh1 Rxh1 33. Kxh1 Nf6 34. Kg2 Nh7 35. Bg4 Kg8 36. f3 Qc7
37. Ne2 Nf6 38. Nc3 Rd8 39. Qd2 Kf8 40. Bh3 Ke7 41. Qg5 Kf8
42. Qd2 Qb8 43. Qf2 Ke7 44. Kg1 g6 1/2-1/2

[Event "Creteil IM"]
[Site "Creteil"]
[Date "2002.04.20"]
[EventDate "2002.??.??"]
[Round "2"]
[Result "0-1"]
[White "Maxime Vachier-Lagrave"]
[Black "Shahin Mohandesi"]
[WhiteElo "2637"]
[BlackElo "2358"]
[PlyCount "90"]

1. e4 c5 2. Nf3 Nc6 3. d4 cxd4 4. Nxd4 Nf6 5. Nc3 e5 6. Ndb5
d6 7. Nd5 Nxd5 8. exd5 Ne7 9. c4 Nf5 10. Bd3 g6 11. O-O Bg7
12. Qa4 O-O 13. Qa3 Re8 14. Bxf5 Bxf5 15. Bd2 Bf8 16. Bb4 a6
17. Nxd6 a5 18. Nxf5 axb4 19. Qg3 Qc8 20. Ne3 f5 21. Qh4 f4
22. Ng4 Be7 23. Nf6+ Bxf6 24. Qxf6 Ra6 25. d6 Re6 26. Qg5
Raxd6 27. Rad1 Qd7 28. Qg4 Kg7 29. h3 h5 30. Qe2 e4 31. Rxd6
Qxd6 32. Rd1 Qe7 33. Qd2 e3 34. fxe3 fxe3 35. Qd7 b6 36. Qxe7+
Rxe7 37. Re1 Kf6 38. Kf1 Kf5 39. Ke2 Ke4 40. Rc1 Rf7 41. c5
Rf2+ 42. Ke1 Rxg2 43. cxb6 Rg1+ 44. Ke2 Rxc1 45. b7 Rc2+ 0-1

[Event "Creteil IM"]
[Site "Creteil"]
[Date "2002.04.20"]
[EventDate "2002.??.??"]
[Round "3"]
[Result "0-1"]
[White "Gaetan Sarthou"]
[Black "Maxime Vachier-Lagrave"]
[WhiteElo "2386"]
[BlackElo "2637"]
[PlyCount "78"]

1. d4 d5 2. Nf3 Nf6 3. c4 e6 4. Nc3 Be7 5. Bg5 O-O 6. e3 h6
7. Bh4 b6 8. Bd3 Bb7 9. O-O dxc4 10. Bxc4 Nbd7 11. Qe2 Ne4
12. Bg3 Nxg3 13. hxg3 a6 14. a3 c5 15. Rfd1 b5 16. Ba2 Qb6
17. Rac1 Rfd8 18. d5 c4 19. dxe6 Qxe6 20. a4 Qb6 21. Nd5 Bxd5
22. Rxd5 Nc5 23. Rxd8+ Rxd8 24. axb5 axb5 25. Bb1 Bf6 26. Nd4
Bxd4 27. exd4 Ne6 28. d5 Rxd5 29. b3 cxb3 30. Bh7+ Kh8 31. Be4
Rd8 32. Rb1 Nd4 33. Qd3 Qe6 34. Rd1 b2 35. Rb1 f5 36. Bf3 Qa2
37. Kh1 Rc8 38. Kh2 Nxf3+ 39. gxf3 Rc1 0-1

[Event "Creteil IM"]
[Site "Creteil"]
[Date "2002.04.20"]
[EventDate "2002.??.??"]
[Round "5"]
[Result "1/2-1/2"]
[White "Nebojsa Nikcevic"]
[Black "Maxime Vachier-Lagrave"]
[WhiteElo "2465"]
[BlackElo "2637"]
[PlyCount "94"]

1. c4 Nf6 2. Nc3 e6 3. e4 d5 4. e5 d4 5. exf6 dxc3 6. bxc3
gxf6 7. d4 c5 8. Nf3 cxd4 9. cxd4 Bb4+ 10. Bd2 Qa5 11. Rb1
Bxd2+ 12. Qxd2 Qxd2+ 13. Kxd2 b6 14. Be2 Bb7 15. Rhc1 O-O
16. Ke3 Nc6 17. Nd2 Ne7 18. g4 f5 19. Rg1 fxg4 20. Rxg4+ Kh8
21. Bf3 Bxf3 22. Nxf3 Rac8 23. Kd3 Nc6 24. Rbg1 f6 25. Rg7
Nb4+ 26. Kc3 Nxa2+ 27. Kb2 Nb4 28. Rxa7 Nc6 29. Rd7 Rg8
30. Rxg8+ Kxg8 31. d5 exd5 32. cxd5 Nb4 33. Nd4 Nd3+ 34. Ka2
Ne5 35. Ra7 Nc4 36. Kb3 Nd2+ 37. Ka3 Nc4+ 38. Kb4 Ne5 39. Nf5
Rd8 40. Rb7 Nd3+ 41. Kc4 Nxf2 42. d6 Ne4 43. Kd5 Nc3+ 44. Ke6
Ne4 45. Rxb6 Re8+ 46. Ne7+ Kf8 47. Rc6 Nxd6 1/2-1/2

[Event "Creteil IM"]
[Site "Creteil"]
[Date "2002.04.20"]
[EventDate "2002.??.??"]
[Round "6"]
[Result "1/2-1/2"]
[White "Maxime Vachier-Lagrave"]
[Black "Marvin Lepan"]
[WhiteElo "2637"]
[BlackElo "2205"]
[PlyCount "104"]

1. e4 c5 2. Nf3 d6 3. d4 cxd4 4. Nxd4 Nf6 5. Nc3 a6 6. g3 e6
7. Bg2 Be7 8. O-O O-O 9. h3 Qc7 10. Be3 Nbd7 11. Nde2 Rb8
12. a4 Ne5 13. b3 Nc6 14. g4 Nd7 15. g5 b5 16. axb5 axb5
17. Ng3 b4 18. Nce2 f6 19. Nf4 Nde5 20. h4 fxg5 21. hxg5 Bxg5
22. Nxe6 Bxe6 23. Bxg5 h6 24. Bc1 Rb5 25. Bb2 Ng6 26. Qd3 Rg5
27. Rad1 Nf4 28. Qxd6 Qf7 29. Bc1 Rxg3 30. Qxf4 Rxg2+ 31. Kxg2
Qg6+ 32. Qg3 Qxe4+ 33. f3 Qxc2+ 34. Kh1 Rf5 35. Rd2 Qxb3
36. Rg2 g5 37. Bb2 Qd3 38. Re1 Rxf3 39. Qc7 Bd7 40. Kg1 b3
41. Qh2 Bh3 42. Qc7 Qd7 43. Re8+ Kf7 44. Qxd7+ Bxd7 45. Rh8
Nb4 46. Rxh6 Nd3 47. Rh7+ Ke6 48. Ba3 Nf4 49. Re7+ Kf5
50. Rxd7 Nxg2 51. Kxg2 Rc3 52. Rd2 Rc2 1/2-1/2

[Event "Creteil IM"]
[Site "Creteil"]
[Date "2002.04.20"]
[EventDate "2002.??.??"]
[Round "7"]
[Result "1-0"]
[White "Xavier Parmentier"]
[Black "Maxime Vachier-Lagrave"]
[WhiteElo "2303"]
[BlackElo "2637"]
[PlyCount "83"]

1. e4 c5 2. Nc3 Nc6 3. f4 g6 4. Nf3 Bg7 5. Bb5 Nd4 6. O-O a6
7. Bd3 d6 8. Nxd4 cxd4 9. Ne2 e5 10. Bc4 Nf6 11. d3 O-O
12. Qe1 d5 13. fxe5 dxc4 14. exf6 Bxf6 15. Bh6 cxd3 16. cxd3
Bh4 17. g3 Bg5 18. Bxf8 Be3+ 19. Kg2 Qxf8 20. Nf4 Qh6 21. Rf3
Bg4 22. Rxe3 dxe3 23. Qxe3 Qg7 24. Rf1 Qxb2+ 25. Rf2 Qa1
26. Nd5 Be6 27. Nf6+ Kg7 28. d4 Rc8 29. d5 Bf5 30. Nh5+ gxh5
31. Rxf5 f6 32. e5 Qd1 33. exf6+ Kh8 34. Qg5 Rc2+ 35. Rf2
Rxf2+ 36. Kxf2 Qc2+ 37. Kf3 Qd3+ 38. Kg2 Qe2+ 39. Kh3 Qf1+
40. Kh4 Qc4+ 41. g4 Qc7 42. d6 1-0

[Event "Creteil IM"]
[Site "Creteil"]
[Date "2002.04.20"]
[EventDate "2002.??.??"]
[Round "9"]
[Result "1/2-1/2"]
[White "Tristan Calistri"]
[Black "Maxime Vachier-Lagrave"]
[WhiteElo "2389"]
[BlackElo "2637"]
[PlyCount "58"]

1. e4 c5 2. Nf3 d6 3. d4 cxd4 4. Nxd4 Nf6 5. Nc3 g6 6. Be3 Bg7
7. f3 O-O 8. Qd2 Nc6 9. Bc4 Bd7 10. O-O-O Qa5 11. Bb3 Rfc8
12. Kb1 Ne5 13. Bg5 Nc4 14. Bxc4 Rxc4 15. Nb3 Qe5 16. Rhe1
Rxc3 17. bxc3 Be6 18. Be3 Rc8 19. Bd4 Qb5 20. Kb2 Qa4 21. g4
Rc6 22. g5 Nd7 23. Bxg7 Nb6 24. Ka1 Nc4 25. Qc1 Ra6 26. Qb1
Na3 27. Qb2 Nxc2+ 28. Kb1 Na3+ 29. Ka1 Nc2+ 1/2-1/2

[Event "Open Championship"]
[Site "Paris FRA"]
[Date "2002.07.06"]
[EventDate "2002.07.06"]
[Round "1"]
[Result "1/2-1/2"]
[White "Maxime Vachier-Lagrave"]
[Black "Arnaud Gosset"]
[WhiteElo "2358"]
[BlackElo "2121"]
[PlyCount "83"]

1. e4 c6 2. d4 d5 3. exd5 cxd5 4. c4 Nf6 5. Nf3 e6 6. Nc3 Be7
7. c5 O-O 8. Bf4 b6 9. b4 a5 10. Na4 Nfd7 11. Bb5 bxc5
12. bxc5 Ba6 13. Bxa6 Rxa6 14. Qe2 f6 15. O-O e5 16. dxe5 fxe5
17. Bxe5 Re6 18. Rad1 Nxe5 19. Nxe5 Qe8 20. Nb2 Bf6 21. f4
Bxe5 22. fxe5 Rxf1+ 23. Qxf1 Rxe5 24. Nd3 Re2 25. Qf5 d4
26. Qd5+ Qf7 27. Qxd4 Nc6 28. Qg4 Qe8 29. Kh1 Re4 30. Qg3 Re3
31. Qf2 Re2 32. Qf3 Nb4 33. h3 Re3 34. Qf4 Nxd3 35. Rxd3 Rxd3
36. Qc4+ Kf8 37. Qxd3 Qe1+ 38. Kh2 Qe5+ 39. Qg3 Qxc5 40. Qf3+
Kg8 41. Qe2 Kf7 42. Qf3+ 1/2-1/2

[Event "Open Championship"]
[Site "Paris FRA"]
[Date "2002.07.08"]
[EventDate "2002.07.06"]
[Round "3"]
[Result "1/2-1/2"]
[White "Maxime Vachier-Lagrave"]
[Black "Cyrille Gozzoli"]
[WhiteElo "2358"]
[BlackElo "2090"]
[PlyCount "112"]

1. e4 d5 2. exd5 Qxd5 3. Nc3 Qa5 4. d4 c6 5. Nf3 Nf6 6. Ne5
Be6 7. Bc4 Bxc4 8. Nxc4 Qa6 9. Qe2 e6 10. O-O Be7 11. Re1 Nbd7
12. Bf4 O-O 13. Rad1 Nd5 14. Bd6 Nxc3 15. bxc3 Rfe8 16. Bxe7
Rxe7 17. Ne3 Qxe2 18. Rxe2 Nb6 19. Rb1 Nd5 20. Rb3 Rd7 21. Re1
Ne7 22. a4 b6 23. a5 bxa5 24. Ra1 c5 25. Rxa5 cxd4 26. cxd4
Nc6 27. Ra6 Nxd4 28. Rb1 Rc7 29. c4 Nf5 30. Nxf5 exf5 31. Ra4
g6 32. h4 Rac8 33. g3 Rxc4 34. Rxa7 f4 35. Ra2 fxg3 36. fxg3
Rg4 37. Rb3 Rc1+ 38. Kh2 Rd4 39. Rf3 Rdd1 40. Kh3 h5 41. Ra8+
Kg7 42. Ra7 Rh1+ 43. Kg2 Rcg1+ 44. Kf2 Rf1+ 45. Ke2 Rxf3
46. Kxf3 Re1 47. Ra6 Rf1+ 48. Kg2 Rf6 49. Ra4 Re6 50. Rb4 Kf6
51. Rf4+ Ke7 52. Ra4 Re5 53. Rb4 Ke6 54. Rb6+ Kf5 55. Kf3 Rc5
56. Rb3 Rd5 1/2-1/2

[Event "Open Championship"]
[Site "Paris FRA"]
[Date "2002.07.10"]
[EventDate "2002.07.06"]
[Round "5"]
[Result "1-0"]
[White "Maxime Vachier-Lagrave"]
[Black "Vincent Bernard"]
[WhiteElo "2358"]
[BlackElo "2248"]
[PlyCount "101"]

1. e4 c5 2. Nf3 Nc6 3. Bb5 g6 4. O-O Bg7 5. Re1 Nf6 6. Bxc6
dxc6 7. d3 O-O 8. Bf4 Ne8 9. Be5 Bxe5 10. Nxe5 Ng7 11. Nd2 f6
12. Nec4 e5 13. a4 b6 14. Ne3 Be6 15. Ndc4 Qc7 16. Qd2 Rad8
17. Qc3 Ne8 18. a5 b5 19. Nd2 Qe7 20. Nb3 c4 21. Nc1 b4
22. Qd2 Nc7 23. Rd1 Nb5 24. Qe1 c3 25. b3 Nd4 26. Rb1 Qc5
27. Ne2 Nb5 28. Ra1 Rd7 29. Kh1 Na3 30. Rxa3 bxa3 31. Qxc3 Qe7
32. Qxc6 Rc7 33. Qa4 Rb8 34. Ra1 f5 35. c4 fxe4 36. dxe4 Qf8
37. Qxa3 Qxf2 38. Qd6 Re8 39. Qxc7 Qxe3 40. Ng3 Qxb3 41. Qxa7
Bxc4 42. a6 Rd8 43. Qg1 Bxa6 44. Rxa6 Rd1 45. Nf1 Qd3 46. Rf6
Qxe4 47. Qa7 Qd5 48. Qb8+ Qd8 49. Qxe5 Re1 50. Rxg6+ hxg6
51. Qxe1 1-0

[Event "Open Championship"]
[Site "Paris FRA"]
[Date "2002.07.12"]
[EventDate "2002.07.06"]
[Round "7"]
[Result "1/2-1/2"]
[White "Maxime Vachier-Lagrave"]
[Black "Alexandra Kosteniuk"]
[WhiteElo "2358"]
[BlackElo "2459"]
[PlyCount "117"]

1. e4 c5 2. Nf3 d6 3. d4 cxd4 4. Nxd4 Nf6 5. Nc3 Nc6 6. g3 Bg4
7. f3 Bd7 8. Be3 a6 9. Qd2 e6 10. Bc4 b5 11. Bb3 Qc7 12. O-O-O
Na5 13. g4 b4 14. Nce2 Nxb3+ 15. Nxb3 Bb5 16. Ned4 Qc4 17. Kb1
a5 18. Nxb5 Qxb5 19. Nd4 Qb7 20. Qd3 Rb8 21. Nb3 a4 22. Na5
Qc7 23. Qa6 Rc8 24. Rd2 Be7 25. Nb7 d5 26. g5 Nd7 27. exd5
exd5 28. Bf4 Qc6 29. Qxc6 Rxc6 30. Rxd5 Nb6 31. Rdd1 O-O
32. Bd6 Bxd6 33. Nxd6 f6 34. Nf5 Rc5 35. Nd4 Rd5 36. Nc6 Rxd1+
37. Rxd1 fxg5 38. Nxb4 Rxf3 39. b3 Kf7 40. Nc6 Rf2 41. h3 a3
42. c4 Rb2+ 43. Ka1 Rh2 44. Ne5+ Ke7 45. Nf3 Rxh3 46. Nxg5 Rh5
47. Re1+ Kd7 48. Ne6 g5 49. Nf8+ Kc6 50. Kb1 g4 51. Re6+ Kc5
52. Kc2 Nc8 53. Kd3 Rh3+ 54. Kd2 h5 55. Ng6 h4 56. Re4 Rh2+
57. Kc3 Rh3+ 58. Kd2 Rh2+ 59. Kc3 1/2-1/2

[Event "Open Championship"]
[Site "Paris FRA"]
[Date "2002.07.13"]
[EventDate "2002.07.06"]
[Round "8"]
[Result "0-1"]
[White "Adrian Pali"]
[Black "Maxime Vachier-Lagrave"]
[WhiteElo "2223"]
[BlackElo "2358"]
[PlyCount "116"]

1. e4 c5 2. Nc3 Nc6 3. g3 g6 4. Bg2 Bg7 5. Nge2 e6 6. d3 Nge7
7. Be3 Nd4 8. O-O d6 9. Qd2 O-O 10. f4 Rb8 11. Nd1 e5 12. c3
Nxe2+ 13. Qxe2 b6 14. Nf2 Be6 15. g4 exf4 16. Bxf4 Rc8
17. Rfd1 Nc6 18. Qe3 d5 19. e5 d4 20. Qe4 Re8 21. Re1 Qd7
22. Qf3 dxc3 23. bxc3 Red8 24. Qg3 h6 25. h4 Ne7 26. Re2 b5
27. Rd1 b4 28. c4 Nc6 29. Be4 Nd4 30. Red2 Qc7 31. Qe3 Bxe5
32. Bxh6 f5 33. Bg2 Kh7 34. Qg5 Bf7 35. h5 gxh5 36. Ne4 Rg8
37. Qe3 f4 38. Qh3 Kxh6 39. g5+ Kg7 40. Kh1 Be6 41. Qh4 Nf5
42. Qf2 Bd4 43. Qe2 Rce8 44. Bf3 Be3 45. Bxh5 Rh8 46. Rg1
Rxh5+ 47. Qxh5 Rh8 48. Qxh8+ Kxh8 49. Rh2+ Kg7 50. g6 Bg8
51. Rg4 Ng3+ 52. Nxg3 fxg3 53. Rh3 Bf2 54. Kg2 Qd7 55. Rf4 Be3
56. Rf3 Qxd3 57. Rhxg3 Qe2+ 58. Kh1 Bf2 0-1

[Event "Cap d'Agde CCAS op"]
[Site "Cap d'Agde "]
[Date "2002.10.23"]
[EventDate "2002.??.??"]
[Round "9"]
[Result "1/2-1/2"]
[White "Maxime Vachier-Lagrave"]
[Black "Sergei Aslanovich Beshukov"]
[WhiteElo "2637"]
[BlackElo "2495"]
[PlyCount "68"]

1. e4 c5 2. Nf3 e6 3. d4 cxd4 4. Nxd4 Nc6 5. Nc3 a6 6. g3 d6
7. Bg2 Bd7 8. O-O Nf6 9. Nde2 Be7 10. h3 Qc7 11. Be3 b5 12. a3
Rd8 13. g4 Bc8 14. f4 Na5 15. g5 Nd7 16. b3 Nc6 17. h4 h6
18. Qe1 hxg5 19. hxg5 Bb7 20. Qg3 b4 21. axb4 Nxb4 22. Rac1 g6
23. Bd4 e5 24. Be3 exf4 25. Rxf4 Ne5 26. Rh4 Rxh4 27. Qxh4 Bf8
28. Qh8 Bc8 29. Bd4 Qe7 30. Qh4 Bg7 31. Bb6 Ng4 32. Bf3 Ne5
33. Bg2 Ng4 34. Bf3 Ne5 1/2-1/2

[Event "WYb12"]
[Site "Heraklio GRE"]
[Date "2002.11.19"]
[EventDate "2002.11.15"]
[Round "6"]
[Result "1-0"]
[White "Maxime Vachier-Lagrave"]
[Black "Ivan Saric"]
[WhiteElo "2358"]
[BlackElo "2010"]
[PlyCount "43"]

1. e4 e5 2. Nf3 Nc6 3. Bb5 a6 4. Ba4 Nf6 5. d4 exd4 6. O-O Be7
7. Re1 O-O 8. e5 Nd5 9. Nxd4 Nb6 10. Bb3 Na5 11. Nf5 Nxb3
12. axb3 Re8 13. Be3 d6 14. Nxe7+ Qxe7 15. exd6 Qxd6 16. Qxd6
cxd6 17. Nc3 Nd7 18. Nd5 Rd8 19. Nc7 Rb8 20. Ba7 Kf8 21. Rad1
b5 22. Bxb8 1-0

[Event "WYb12"]
[Site "Heraklio GRE"]
[Date "2002.11.21"]
[EventDate "2002.11.15"]
[Round "7"]
[Result "1-0"]
[White "Maxime Vachier-Lagrave"]
[Black "Emilio Cordova"]
[WhiteElo "2358"]
[BlackElo "2170"]
[PlyCount "59"]

1. e4 c5 2. Nf3 e6 3. d3 Nc6 4. Nbd2 d6 5. g3 g6 6. Bg2 Bg7
7. O-O Nge7 8. Re1 O-O 9. h4 e5 10. a4 Bg4 11. c3 Kh8 12. Qc2
f5 13. Nh2 Bh5 14. f3 Ng8 15. Nc4 h6 16. g4 fxg4 17. fxg4 Qxh4
18. Qe2 Bxg4 19. Nxg4 Rad8 20. Be3 Nge7 21. Rf1 g5 22. Rxf8+
Bxf8 23. Qf3 h5 24. Ngxe5 dxe5 25. Nxe5 g4 26. Qf4 Rc8
27. Nf7+ Kg7 28. Ng5 Kh8 29. Bf2 Ng6 30. Qe3 1-0

[Event "WYb12"]
[Site "Heraklio GRE"]
[Date "2002.11.21"]
[EventDate "2002.11.15"]
[Round "8"]
[Result "1-0"]
[White "Ildar Khairullin"]
[Black "Maxime Vachier-Lagrave"]
[WhiteElo "2339"]
[BlackElo "2358"]
[PlyCount "75"]

1. d4 Nf6 2. Nf3 g6 3. c4 Bg7 4. Nc3 d5 5. e3 O-O 6. Be2 dxc4
7. Bxc4 c5 8. O-O cxd4 9. exd4 Nbd7 10. Re1 Nb6 11. Bb3 Nbd5
12. Bg5 Be6 13. Ne5 Rc8 14. Qf3 Nxc3 15. Bxe6 fxe6 16. bxc3
Qd5 17. Qh3 b5 18. a4 a6 19. axb5 axb5 20. Ra6 Rfe8 21. Rb6
Rb8 22. Rxe6 Ne4 23. Bh4 g5 24. Nc6 gxh4 25. R1xe4 Ra8 26. Re1
Bf6 27. Ne5 Rf8 28. Ng4 Bg7 29. Rxe7 Qg5 30. R7e2 Ra3 31. Ne5
Bxe5 32. dxe5 Qh5 33. Re4 Kh8 34. e6 Qc5 35. Qxh4 Qxc3 36. e7
Re8 37. Qh5 Raa8 38. Qxb5 1-0

[Event "WYb12"]
[Site "Heraklio GRE"]
[Date "2002.11.22"]
[EventDate "2002.11.15"]
[Round "9"]
[Result "1/2-1/2"]
[White "Maxime Vachier-Lagrave"]
[Black "David Recuero Guerra"]
[WhiteElo "2358"]
[BlackElo "2082"]
[PlyCount "62"]

1. e4 e5 2. Nf3 Nc6 3. Bc4 Nf6 4. d3 h6 5. O-O d6 6. Re1 g6
7. d4 Bg4 8. Bb5 Nd7 9. dxe5 Ndxe5 10. Nbd2 Qf6 11. Be2 Nxf3+
12. Bxf3 Bxf3 13. Nxf3 Bg7 14. c3 O-O 15. Be3 Ne5 16. Nxe5
dxe5 17. Qb3 Qc6 18. Rad1 Rad8 19. f3 b6 20. a4 Rfe8 21. Rd5
Rxd5 22. exd5 Qd7 23. Qb5 Rd8 24. c4 a5 25. Rd1 Qxb5 26. axb5
Bf8 27. h4 f5 28. g4 Kg7 29. Kf2 Be7 30. Rh1 h5 31. g5 f4
1/2-1/2

[Event "Cergy Pontoise op"]
[Site "Cergy Pontoise"]
[Date "2003.??.??"]
[EventDate "2003.??.??"]
[Round "5"]
[Result "1-0"]
[White "Vladislav Ivanovich Tkachiev"]
[Black "Maxime Vachier-Lagrave"]
[WhiteElo "2672"]
[BlackElo "2637"]
[PlyCount "125"]

1. d4 Nf6 2. c4 e6 3. Nf3 d5 4. g3 c5 5. cxd5 Nxd5 6. Bg2 Nc6
7. O-O Be7 8. dxc5 Bxc5 9. a3 O-O 10. Qc2 Be7 11. Rd1 Qc7
12. e4 Nf6 13. Bf4 Qb6 14. Nc3 Bd7 15. Bg5 Rfd8 16. e5 Ne8
17. Be3 Qc7 18. Qe4 Rac8 19. Ng5 f5 20. exf6 Nxf6 21. Qc4 Na5
22. Qe2 Qc4 23. Bxa7 Qxe2 24. Nxe2 Nb3 25. Rab1 h6 26. Ne4 Bc6
27. Nxf6+ Bxf6 28. Bh3 Bd5 29. Nf4 Bc4 30. Bxe6+ Bxe6 31. Nxe6
Rxd1+ 32. Rxd1 Bxb2 33. a4 Re8 34. Rb1 Rxe6 35. Rxb2 Na5
36. Rb5 Ra6 37. Bd4 Nc6 38. Be3 Rxa4 39. Rxb7 Re4 40. Rc7 Ne7
41. Rd7 Nf5 42. Bc5 h5 43. Kg2 h4 44. Kf3 Rc4 45. Rd5 g6
46. g4 Ng7 47. Be7 Rc3+ 48. Ke4 Rh3 49. Bd6 Rc3 50. Be5 Rc4+
51. Rd4 Rc2 52. Rd8+ Kf7 53. Rd7+ Ke6 54. Rxg7 Re2+ 55. Kf4
Rxf2+ 56. Ke3 Rg2 57. Kf3 Ra2 58. Bf4 Kf6 59. Rb7 Ra3+ 60. Be3
Ke5 61. Rb5+ Kf6 62. Rb6+ Kf7 63. g5 1-0

[Event "FRA-ch U18"]
[Site "Le Grand Bornand"]
[Date "2003.??.??"]
[EventDate "2003.??.??"]
[Round "3"]
[Result "0-1"]
[White "Maxime Vachier-Lagrave"]
[Black "Iannis Iglesias"]
[WhiteElo "2637"]
[BlackElo "2143"]
[PlyCount "78"]

1. e4 c5 2. Nf3 d6 3. d4 cxd4 4. Nxd4 Nf6 5. Nc3 g6 6. g3 Nc6
7. Bg2 Bg7 8. Nde2 O-O 9. O-O Rb8 10. a4 a6 11. Nd5 b5
12. axb5 axb5 13. h3 Nd7 14. Ra2 b4 15. b3 Nc5 16. Be3 e6
17. Ndf4 Qc7 18. Nd3 Rd8 19. f4 Ne7 20. Bd4 Bxd4+ 21. Nxd4 Qb6
22. Kh2 Nxe4 23. Bxe4 Qxd4 24. Qe2 Bb7 25. Nf2 Bxe4 26. Rd1
Qg7 27. Nxe4 d5 28. Nc5 Rdc8 29. Nd7 Rb7 30. Ne5 Rbc7 31. Nf3
Nf5 32. g4 Nd6 33. Rd4 Ne4 34. Rxe4 dxe4 35. Qxe4 Qc3 36. h4
Qc6 37. Qe2 Qd6 38. Ne5 Rc3 39. Nd3 Qc7 0-1